| 000 | 00759cam a2200241 a 4500 | ||
|---|---|---|---|
| 001 | c 62001233 | ||
| 003 | DLC | ||
| 005 | 20260227111034.0 | ||
| 008 | 030729s1952 cc a 000 0 chi | ||
| 010 | _ac 62001233 | ||
| 035 | _a(CStRLIN)DCLP03-B10749 | ||
| 040 |
_aDLC _cDLC-R _dDLC-R _dDLC |
||
| 050 | 0 | 0 |
_aTE200 _b.C5 |
| 066 | _c$1 | ||
| 100 | 1 |
_6880-01 _aChen, Benduan. |
|
| 245 | 1 | 0 |
_6880-02 _aDao lu cai liao shi yan / _cChen Benduan bian zhu. |
| 260 |
_6880-03 _aShanghai : _bLong men lian he shu ju, _c1952. |
||
| 300 |
_a202 p. : _bill. ; _c22 cm. |
||
| 500 | _aDa xue yong shu." | ||
| 880 | 1 |
_6100-01/$1 _a陳本端. |
|
| 880 | 1 | 0 |
_6245-02/$1 _a道路材料實驗 / _c陳本端編著. |
| 880 |
_6260-03/$1 _a上海 : _b龍門聯合書局, _c1952. |
||
| 999 |
_c12776 _d12776 |
||